[Event "REI V"]
[Site "http://www.queenalice.com/game.php?id=818229"]
[Date "2010.8.14"]
[Round "-"]
[White "rogeriooliveira"]
[Black "igorbarca"]
[Result "1-0"]
[WhiteElo "1535"]
[BlackElo "1820"]

1. e4 e5 2. d4 f5 3. exf5 Qf6 4. Qf3 Ne7 5. c3 exd4 6. cxd4 d5 7. Be3 Qxf5 8.
Qxf5 Nxf5 9. g4 Nxe3 10. fxe3 Bxg4 11. Ne2 Bb4+ 12. Nbc3 O-O 13. a3 Bxc3+ 14.
bxc3 Rf3 15. Bg2 1-0

[Event "AUTO-INT-1795"]
[Site "http://www.queenalice.com/game.php?id=821321"]
[Date "2010.8.21"]
[Round "1"]
[White "igorbarca"]
[Black "V_Spy"]
[Result "0-1"]
[WhiteElo "1797"]
[BlackElo "1625"]

1. Nf3 d5 2. b3 e5 3. Bb2 e4 4. Ng1 Nf6 5. d3 exd3 6. Qxd3 Nc6 7. Nd2 Nb4 8.
Qe3+ Be6 9. O-O-O Nxa2+ 10. Kb1 Nb4 11. h3 Qd6 12. Kc1 Qc6 13. Qc3 Na2+ 14. Kb1
Nxc3+ 15. Bxc3 Qxc3 0-1

[Event "AUTO-INT-1795"]
[Site "http://www.queenalice.com/game.php?id=821322"]
[Date "2010.8.21"]
[Round "1"]
[White "V_Spy"]
[Black "igorbarca"]
[Result "1/2-1/2"]
[WhiteElo "1730"]
[BlackElo "1713"]

1. e4 e5 2. Nf3 Nc6 3. Bb5 Nf6 4. Bxc6 bxc6 5. Nxe5 Nxe4 6. O-O Be7 7. Re1 Nf6
8. Nc3 O-O 9. Ne4 d5 10. Nxc6 Qd7 11. Nxf6+ Bxf6 12. Ne5 Bxe5 13. Rxe5 Re8 14.
d4 Rxe5 15. dxe5 Bb7 16. Qd3 Re8 17. Qg3 Bc8 18. h3 Qf5 19. Bf4 Re6 20. Rd1 c6
21. c4 Rg6 22. Qf3 h6 23. cxd5 cxd5 24. Rxd5 Be6 25. Rd8+ Kh7 26. b3 Qxh3 27.
Qa8 Rg4 28. Qe4+ g6 29. Qa8 g5 30. Rh8+ Kg6 31. Be3 Bf5 32. Qg8+ Kh5 33. Qxf7+
Bg6 34. Qb7 Be4 35. Qxe4 Rxe4 36. gxh3 Rxe5 37. Bxa7 Ra5 38. Bd4 Rxa2 39. Kg2
Rd2 40. Be3 Rd3 41. b4 Rb3 42. Rb8 Kh4 43. Rb6 h5 44. Rb5 g4 45. hxg4 hxg4 46.
Bf4 Rh3 47. Rg5 Rb3 48. Rb5 Rf3 49. Rf5 Rb3 50. Rb5 1/2-1/2

[Event "AUTO-INT-1795"]
[Site "http://www.queenalice.com/game.php?id=821323"]
[Date "2010.8.21"]
[Round "1"]
[White "igorbarca"]
[Black "azad_m"]
[Result "1-0"]
[WhiteElo "1799"]
[BlackElo "1834"]

1. Nf3 d6 2. b3 Nf6 3. Bb2 e5 4. e3 Nc6 5. Be2 Bf5 6. O-O Nb4 7. d3 Be7 8. Nbd2
O-O 9. e4 Bg6 10. Ba3 a5 11. Bxb4 axb4 12. h3 Nh5 13. g3 c6 14. Nh2 Nf6 15. Ng4
Nxg4 16. Bxg4 h6 17. Nf3 h5 18. Bf5 Bxf5 19. exf5 Qd7 20. g4 hxg4 21. hxg4 Bf6
22. Kg2 Rfd8 23. Rh1 Kf8 24. Qd2 Re8 25. Rae1 Rxa2 26. Ng5 d5 27. Nh7+ Kg8 28.
Nxf6+ gxf6 29. Qh6 Rxc2 30. Qh8# 1-0

[Event "AUTO-INT-1795"]
[Site "http://www.queenalice.com/game.php?id=821324"]
[Date "2010.8.21"]
[Round "1"]
[White "azad_m"]
[Black "igorbarca"]
[Result "0-1"]
[WhiteElo "1602"]
[BlackElo "1857"]

1. e4 e5 2. Nf3 Nc6 3. Nc3 Nf6 4. Bc4 Bc5 5. h3 d6 6. Ng5 O-O 7. d3 h6 8. Nf3
Nd4 9. Be3 Re8 10. Nd5 c6 11. Nxf6+ Qxf6 12. Qd2 Nxf3+ 13. gxf3 Qxf3 14. Rg1
Bxe3 15. Qxe3 Qxe3+ 16. fxe3 Bxh3 17. O-O-O b5 18. Bb3 a5 19. a4 b4 20. d4 Be6
21. d5 cxd5 22. exd5 Bd7 23. e4 Rf8 24. Rg3 f5 25. Rdg1 g5 26. Rh1 f4 27. Rg2
Rf6 28. Kd2 f3 29. Rf2 g4 0-1

[Event "AUTO-INT-1795"]
[Site "http://www.queenalice.com/game.php?id=821325"]
[Date "2010.8.21"]
[Round "1"]
[White "igorbarca"]
[Black "daniel0176"]
[Result "1-0"]
[WhiteElo "1500"]
[BlackElo "1632"]

1. Nf3 d5 2. b3 Nc6 3. Bb2 Bg4 4. d4 Bxf3 5. gxf3 Nf6 6. Nc3 e5 7. dxe5 Nxe5 8.
Bg2 d4 9. Nb5 c5 10. O-O Nh5 11. Qd2 Bd6 12. Nxd6+ Qxd6 13. Qg5 Qg6 14. Qxe5+
Kf8 15. Qe4 Qf6 16. e3 Re8 17. Qg4 g6 18. exd4 Rd8 19. Rab1 cxd4 20. Rfd1 Rg8
21. Bxd4 Qa6 22. Bc5+ Kg7 23. Be7 Rxd1+ 24. Rxd1 Re8 25. Qd4+ f6 26. Qd7 Rb8 27.
Bxf6+ Kxf6 28. Rd6+ Kg5 29. Rxa6 Nf4 30. Qg4+ Kh6 31. Qxf4+ Kg7 32. Qxb8 Kh6 33.
Ra5 b6 34. Qf8# 1-0

[Event "AUTO-INT-1795"]
[Site "http://www.queenalice.com/game.php?id=821326"]
[Date "2010.8.21"]
[Round "1"]
[White "daniel0176"]
[Black "igorbarca"]
[Result "0-1"]
[WhiteElo "1621"]
[BlackElo "1677"]

1. e4 e5 2. Qh5 Nc6 3. Bc4 g6 4. Qf3 Nf6 5. Bb5 Bg7 6. Bxc6 bxc6 7. Nc3 d5 8.
exd5 cxd5 9. d3 O-O 10. Bg5 c6 11. h3 Qd6 12. Nge2 Rb8 13. b3 d4 14. Nd1 c5 15.
c4 Bb7 16. Qg3 Nh5 17. Qh2 Bf6 18. Bxf6 Qxf6 19. O-O Rfe8 20. Nb2 Qg5 21. Na4
Rbc8 22. a3 Nf4 23. h4 Nxe2+ 24. Kh1 Qg4 25. f3 Qg3 26. Rae1 Qxh2+ 27. Kxh2 Nf4
28. Re4 Bxe4 29. fxe4 Nxd3 30. Rb1 Nf2 31. b4 Nxe4 32. bxc5 Nxc5 33. Nxc5 Rxc5
34. Rb7 Rxc4 35. Rxa7 d3 36. a4 d2 37. a5 d1=Q 38. a6 Qe1 39. Rb7 Rxh4# 0-1

[Event "Challenge"]
[Site "http://www.queenalice.com/game.php?id=825944"]
[Date "2010.8.31"]
[Round "-"]
[White "igorbarca"]
[Black "melo41"]
[Result "0-1"]
[WhiteElo "1734"]
[BlackElo "1695"]

1. Nf3 Nf6 2. c4 g6 3. e3 d6 4. d4 Bg7 5. Nc3 O-O 6. g3 Bg4 7. Bg2 c6 8. O-O
Nbd7 9. Qc2 e5 10. d5 Re8 11. e4 cxd5 12. cxd5 Rc8 13. Be3 b5 14. Qd2 a6 15. b4
Nb6 16. Bxb6 Qxb6 17. Rac1 Rc4 18. a3 Rec8 19. Rfe1 h5 20. h3 Bd7 21. Bf1 R4c7
22. Qe3 Qxe3 23. fxe3 Rxc3 24. Ra1 Bh6 25. Kf2 Rc2+ 26. Re2 Nxe4+ 27. Kg2 Rxe2+
28. Bxe2 Rc2 29. Ng1 Bxe3 30. Kf3 Bxg1 31. Rxg1 Ng5+ 0-1

[Event "AUTO-ADV-1889"]
[Site "http://www.queenalice.com/game.php?id=827387"]
[Date "2010.9.3"]
[Round "1"]
[White "basetorre02"]
[Black "igorbarca"]
[Result "1-0"]
[WhiteElo "1635"]
[BlackElo "1844"]

1. d4 d5 2. c4 e6 3. Nc3 Nf6 4. Nf3 Nc6 5. e3 Bb4 6. Qc2 Bxc3+ 7. bxc3 Ne4 8.
Bd3 f5 9. cxd5 exd5 10. a3 g5 11. c4 Be6 12. Rb1 b6 13. Nd2 Rf8 14. c5 Qd7 15.
Bb5 Rf6 16. f3 Nxd2 17. Bxd2 a6 18. Bxc6 Qxc6 19. Rc1 O-O-O 20. O-O h5 21. cxb6
Qxb6 22. a4 Bd7 23. Rb1 Qc6 24. Qb2 Be8 25. Rfc1 Qa8 26. Ba5 Rc6 27. Rxc6 Bxc6
28. Qc3 Kd7 29. e4 Rb8 30. Rxb8 Qxb8 31. exf5 Qb1+ 32. Qe1 Qxf5 33. Bb4 Bxa4 34.
Qe7+ Kc8 35. Qe1 Bb5 36. Bc5 c6 37. Qd2 h4 38. Kf2 g4 39. Bd6 Kd7 40. Be5 c5 41.
f4 c4 42. g3 h3 43. Qb2 1-0

[Event "AUTO-ADV-1889"]
[Site "http://www.queenalice.com/game.php?id=827388"]
[Date "2010.9.3"]
[Round "1"]
[White "igorbarca"]
[Black "basetorre02"]
[Result "0-1"]
[WhiteElo "1819"]
[BlackElo "1640"]

1. Nf3 Nf6 2. b3 e6 3. c4 b6 4. Bb2 Be7 5. g3 Bb7 6. Bg2 d5 7. O-O O-O 8. d4 c5
9. Na3 a6 10. Re1 Qc7 11. Rc1 Qd6 12. Ne5 Nc6 13. e3 Nd7 14. Nxc6 Bxc6 15. e4
dxe4 16. Bxe4 Bf6 17. Bxc6 Qxc6 18. Qg4 cxd4 19. Bxd4 Bxd4 20. Qxd4 Rfd8 21.
Rcd1 h6 22. Nc2 Nf6 23. Qf4 Rd7 24. Ne3 Rad8 25. Rxd7 Qxd7 26. Ng4 Nxg4 27. Qxg4
Qd2 28. Re2 Qd1+ 29. Kg2 Rd2 30. Qe4 Qxe2 31. Qxe2 Rxe2 32. a3 g5 33. b4 g4 34.
c5 bxc5 35. bxc5 Rc2 36. c6 Rxc6 0-1

[Event "AUTO-ADV-1889"]
[Site "http://www.queenalice.com/game.php?id=827403"]
[Date "2010.9.3"]
[Round "1"]
[White "yvanalfieri"]
[Black "igorbarca"]
[Result "1/2-1/2"]
[WhiteElo "1951"]
[BlackElo "1750"]

1. e4 e5 2. Nf3 Nc6 3. Bb5 Nf6 4. O-O Bc5 5. Nxe5 Nxe5 6. d4 Bxd4 7. Qxd4 Nc6 8.
Bxc6 bxc6 9. Bg5 h6 10. Bxf6 Qxf6 11. Qxf6 gxf6 12. c4 Ba6 13. Rc1 O-O-O 14. Na3
Rhg8 15. Rd1 Rde8 16. f3 Rg5 17. Kf2 f5 18. exf5 Rxf5 19. Re1 Rfe5 20. b3 d5 21.
Rad1 Bb7 22. f4 Re4 23. g3 f5 24. cxd5 cxd5 25. Nb5 a6 26. Nc3 Rxe1 27. Rxe1
Rxe1 28. Kxe1 Kd7 29. Kd2 Kd6 30. Ke3 c5 31. Na4 d4+ 32. Kd2 Kd5 33. Nb2 Bc6 34.
Nc4 Bb5 35. Ne5 Ke4 36. a4 Be8 37. Ke2 Bh5+ 38. Kd2 Bf3 39. Nd3 Kd5 40. Ne5 Be4
41. Nf7 h5 42. Ne5 Bh1 1/2-1/2

[Event "AUTO-ADV-1889"]
[Site "http://www.queenalice.com/game.php?id=827404"]
[Date "2010.9.3"]
[Round "1"]
[White "igorbarca"]
[Black "yvanalfieri"]
[Result "0-1"]
[WhiteElo "1763"]
[BlackElo "1983"]

1. Nf3 Nf6 2. b3 d5 3. Bb2 c5 4. d4 cxd4 5. Bxd4 Nc6 6. e3 Bg4 7. Be2 Bxf3 8.
Bxf3 e5 9. Bb2 e4 10. Be2 Bd6 11. O-O O-O 12. Nd2 Rc8 13. c4 Ne5 14. Rc1 Qe7 15.
h3 Rfd8 16. cxd5 Bb8 17. Rxc8 Rxc8 18. Nc4 Nxc4 19. Bxc4 Rd8 20. Qd2 b5 21. Bxf6
Qxf6 22. Bxb5 Qe5 23. g3 Rxd5 24. Qe2 Rxb5 25. Rd1 g6 26. Qc4 Rc5 27. Qb4 Rc8
28. Rd7 Qf5 29. Qd2 Qxh3 30. Rd8+ Kg7 31. Qd4+ Kh6 32. Rxc8 Qxc8 33. Qxe4 Qc7
34. Qe8 Kg7 35. Qa4 Qe5 36. b4 h5 37. b5 g5 38. Kf1 Kg6 39. Ke2 Qe7 40. Qc2+ f5
41. Qc6+ Bd6 42. f3 Qe5 43. f4 Qb2+ 44. Kd3 Qa3+ 45. Kd4 Qc5+ 46. Qxc5 Bxc5+ 47.
Kxc5 h4 48. Kc6 hxg3 49. Kb7 g2 50. Kxa7 g1=Q 51. b6 Qxe3 52. Kb7 Qxf4 53. Ka8
Qa4+ 54. Kb8 Qxa2 55. b7 Qb2 56. Ka8 Qxb7+ 0-1

[Event "AUTO-ADV-1889"]
[Site "http://www.queenalice.com/game.php?id=827413"]
[Date "2010.9.3"]
[Round "1"]
[White "nuage"]
[Black "igorbarca"]
[Result "1-0"]
[WhiteElo "1799"]
[BlackElo "1741"]

1. e4 e5 2. Nf3 Nc6 3. Bc4 Bc5 4. O-O Nf6 5. h3 O-O 6. d3 d6 7. Bg5 h6 8. Bxf6
Qxf6 9. Nc3 Nd4 10. Nd5 Qd8 11. Nd2 c6 12. Ne3 b5 13. Bb3 a5 14. c3 Ne6 15. Nf3
Ng5 16. d4 Bb6 17. d5 c5 18. Nh4 Nxe4 19. Bc2 Nf6 20. Nef5 Bxf5 21. Bxf5 Nd7 22.
Qg4 Qf6 23. Bxd7 b4 24. c4 Bd8 25. Nf5 Qg5 26. Nxd6 Qxg4 27. Bxg4 Be7 28. Nf5
Bg5 29. d6 Rfd8 30. Rad1 g6 31. Ne7+ Kf8 32. Nc6 f5 33. Nxd8 Rxd8 34. Bf3 e4 35.
Be2 Kf7 36. Rd5 Bf4 37. Rfd1 Ke6 38. d7 1-0

[Event "AUTO-ADV-1889"]
[Site "http://www.queenalice.com/game.php?id=827414"]
[Date "2010.9.3"]
[Round "1"]
[White "igorbarca"]
[Black "nuage"]
[Result "1-0"]
[WhiteElo "1714"]
[BlackElo "1813"]

1. Nf3 Nf6 2. b3 d5 3. Bb2 e6 4. e3 Ne4 5. Be2 Nc6 6. d3 Nd6 7. O-O f6 8. c4
dxc4 9. dxc4 Ne4 10. Qxd8+ Nxd8 11. Rd1 Bc5 12. Nbd2 Nd6 13. h3 O-O 14. Nb1 e5
15. Nc3 Bf5 16. Nh4 Be4 17. Nxe4 Nxe4 18. Bf3 Ng5 19. Bg4 Ne4 20. Rd7 c6 21.
Rad1 Nf7 22. Rxb7 Ned6 23. Rc7 Ng5 24. Rxc6 Nde4 25. Nf5 g6 26. Nh4 f5 27. Be2
Nf7 28. Bf3 Nd8 29. Ra6 g5 30. Bxe4 fxe4 31. Ng6 hxg6 32. Rxg6+ Kh7 33. Rxg5 Nf7
34. Rg4 Nd6 35. Bxe5 Nf5 36. Rxe4 Rg8 37. Rd7+ Be7 38. Bd6 Rae8 39. Bxe7 Nxe7
40. Rexe7+ Rxe7 41. Rxe7+ Kh8 42. Rxa7 Rf8 43. Rc7 Rd8 44. c5 Rd1+ 45. Kh2 Rd2
46. c6 Rxf2 47. Rc8+ Kg7 48. c7 Rxa2 49. Rd8 Rc2 50. c8=Q 1-0

[Event "Challenge"]
[Site "http://www.queenalice.com/game.php?id=836149"]
[Date "2010.9.22"]
[Round "-"]
[White "nuage"]
[Black "igorbarca"]
[Result "0-1"]
[WhiteElo "1757"]
[BlackElo "1820"]

1. Nf3 Nf6 2. g3 g6 3. Bg2 Bg7 4. O-O O-O 5. d4 d5 6. Ne5 Nbd7 7. Bf4 Nh5 8.
Bxd5 e6 9. Bc4 Nxf4 10. gxf4 a6 11. Nc3 b5 12. Nc6 Qh4 13. Bd3 Qxf4 14. e3 Qd6
15. Qf3 Bb7 16. Be4 Nb8 17. Ne7+ Qxe7 18. Bxb7 Qg5+ 19. Kh1 Ra7 20. Be4 Nd7 21.
Rg1 Qe7 22. a3 e5 23. Nd5 Qe6 24. Nb4 Nb8 25. d5 Qd6 26. Rad1 Rd8 27. Qg3 a5 28.
Nc6 Nxc6 29. dxc6 Qe7 30. Rxd8+ Qxd8 31. Bd3 Ra8 32. Bxb5 Qd5+ 33. Qg2 Qxb5 34.
b3 Rd8 35. c4 Qxb3 36. Qg5 Rd1 37. Rxd1 Qxd1+ 38. Kg2 Qd6 39. a4 Qxc6+ 40. f3
Qxc4 41. Qd8+ Bf8 42. Qf6 Qxa4 43. Qxe5 Qc2+ 44. Kh3 c5 45. Qg5 Qf5+ 46. Qxf5
gxf5 47. Kg3 a4 48. Kf4 a3 49. Kxf5 a2 50. e4 a1=Q 0-1

[Event "Challenge"]
[Site "http://www.queenalice.com/game.php?id=836152"]
[Date "2010.9.22"]
[Round "-"]
[White "montelo"]
[Black "igorbarca"]
[Result "0-1"]
[WhiteElo "2139"]
[BlackElo "1778"]

1. e4 e5 2. Nf3 Nc6 3. Bb5 Nf6 4. Bxc6 dxc6 5. Nxe5 Nxe4 6. Qf3 Nf6 7. O-O Bd6
8. d4 O-O 9. Qg3 g6 10. Bf4 Nh5 11. Qf3 Re8 12. Re1 f6 13. Nd3 Rxe1+ 14. Nxe1
Bxf4 15. g4 Bxh2+ 16. Kxh2 Qd6+ 17. Kg1 Nf4 18. c3 h5 19. Nd3 Nxd3 20. Qxd3 f5
21. gxh5 gxh5 22. Nd2 Qg6+ 23. Qg3 Qxg3+ 24. fxg3 Bd7 25. Kf2 Re8 26. Rh1 Kg7
27. Rxh5 Kg6 28. Rh1 a6 29. b4 b6 30. Nc4 Be6 31. Ne5+ Kg7 32. Nxc6 Bxa2 33. Ra1
Bc4 34. Ne5 Bd5 35. Rxa6 Rh8 36. Ke3 Rh2 37. Ra7 Rg2 38. Rxc7+ Kh6 39. Kf4 Rf2+
40. Ke3 Rg2 41. Kf4 Rf2+ 42. Ke3 Rg2 43. Nf7+ Kg6 44. Ne5+ Kh6 45. Rd7 Be4 46.
Rd6+ Kg5 47. Rxb6 Rxg3+ 48. Kf2 Rxc3 49. b5 Kf4 50. Ra6 Rc2+ 51. Ke1 Ke3 52. Nc6
Rc1# 0-1

[Event "Challenge"]
[Site "http://www.queenalice.com/game.php?id=843815"]
[Date "2010.10.10"]
[Round "-"]
[White "BIBIU16"]
[Black "igorbarca"]
[Result "1-0"]
[WhiteElo "1695"]
[BlackElo "1838"]

1. e4 Nc6 2. d4 d5 3. e5 e6 4. Nf3 Nge7 5. Be2 g6 6. O-O Bg7 7. Be3 O-O 8. a3 f6
9. exf6 Rxf6 10. c3 Qf8 11. Nbd2 Bh6 12. Nb3 Bxe3 13. fxe3 b6 14. Qd2 Qh6 15.
Nc1 Bd7 16. Nd3 Raf8 17. Nfe5 Bc8 18. Rxf6 Rxf6 19. Ng4 Qg5 20. Nxf6+ Qxf6 21.
Rf1 Qg5 22. Nf4 e5 23. dxe5 Nxe5 24. Nxd5 Bb7 25. Nxe7+ Qxe7 26. b3 Qg5 27. Bc4+
Kg7 28. Rf2 Ng4 29. Rf4 Nxe3 30. Qd4+ Kh6 31. Rh4+ Qxh4 32. Qxh4+ Kg7 33. Qe7+
Kh8 34. Qf8# 1-0

[Event "Challenge"]
[Site "http://www.queenalice.com/game.php?id=849680"]
[Date "2010.10.23"]
[Round "-"]
[White "BIBIU16"]
[Black "igorbarca"]
[Result "1-0"]
[WhiteElo "1971"]
[BlackElo "1811"]

1. e4 e5 2. Nf3 Nc6 3. Bb5 a6 4. Ba4 b5 5. Bb3 h6 6. Bd5 Nge7 7. Nxe5 Nxd5 8.
Nxc6 dxc6 9. exd5 cxd5 10. O-O Bd6 11. Re1+ Be6 12. Qh5 Qf6 13. Qxd5 O-O 14. Qf3
Qh4 15. g3 Qh3 16. d4 Bg4 17. Qg2 Rae8 18. Rxe8 Rxe8 19. Be3 f5 20. Qxh3 Bxh3
21. Nc3 c6 22. a3 g5 23. Re1 f4 24. Bd2 Rxe1+ 25. Bxe1 Bf5 26. gxf4 Bxf4 27. Ne2
Bd6 28. c3 Kf7 29. f3 Ke6 30. Bg3 Be7 31. Be5 h5 32. Ng3 h4 33. Ne4 Kd5 34. Nd2
c5 35. Kf2 c4 36. Ke3 Be6 37. Ne4 a5 38. Nf6+ Kc6 39. Ke4 Bc8 40. d5+ Kc5 41.
Ne8 Bd7 42. Bd4# 1-0

[Event "AUTO-OPEN-2072"]
[Site "http://www.queenalice.com/game.php?id=854661"]
[Date "2010.11.4"]
[Round "2"]
[White "igorbarca"]
[Black "sandromm"]
[Result "1-0"]
[WhiteElo "1794"]
[BlackElo "1645"]

1. Nf3 d5 2. b3 Nc6 3. Bb2 Bg4 4. d4 Nf6 5. Nbd2 e6 6. e3 Bb4 7. c3 Bd6 8. Bb5
O-O 9. h3 Bf5 10. O-O a6 11. Bxc6 bxc6 12. c4 Ne4 13. c5 Be7 14. Ne5 Qe8 15. b4
Rb8 16. a3 a5 17. f3 Ng3 18. Rf2 Bh4 19. Qa4 axb4 20. axb4 Nh5 21. Rff1 Ng3 22.
Rf2 Nh5 23. Rff1 f6 24. Nxc6 Ra8 25. Qb5 Rxa1 26. Rxa1 e5 27. Qb7 Qe7 28. Nxe7+
Kh8 29. Ra8 Rxa8 30. Qxa8+ 1-0

[Event "AUTO-OPEN-2072"]
[Site "http://www.queenalice.com/game.php?id=854662"]
[Date "2010.11.4"]
[Round "2"]
[White "sandromm"]
[Black "igorbarca"]
[Result "1-0"]
[WhiteElo "1787"]
[BlackElo "1863"]

1. e4 e5 2. Nf3 Nc6 3. Bb5 a6 4. Ba4 b5 5. Bb3 h6 6. c3 Nf6 7. d3 Be7 8. O-O O-O
9. h3 d6 10. d4 Nxe4 11. Bd5 Bf5 12. Bxc6 Rb8 13. d5 Bh4 14. Nxh4 Qxh4 15. Qf3
Bg6 16. Nd2 Ng5 17. Qg3 Qxg3 18. fxg3 Ne4 19. Nxe4 Bxe4 20. Be3 f5 21. Bd7 h5
22. Be6+ Kh7 23. Rf2 Rf6 24. Bg5 Rff8 25. h4 Rbe8 26. Raf1 c6 27. Bxf5+ Bxf5 28.
Rxf5 Rxf5 29. Rxf5 cxd5 30. Be3 g6 31. Rf7+ Kg8 32. Ra7 Rc8 33. Rxa6 Rc4 34.
Rxd6 Re4 35. Bc5 Re2 36. Ba3 e4 37. Rxg6+ Kh7 38. Rg5 e3 39. Rxd5 1-0